| 000 | 00572nam a2200193 a 4500 | ||
|---|---|---|---|
| 001 | 7296 | ||
| 005 | 20180713191205.0 | ||
| 008 | 140415s1983 sp 000 0 spa d | ||
| 041 | _aspa | ||
| 082 |
_a769.5 _bDEM |
||
| 100 | 1 | _aDEMONEY, JERRY | |
| 245 | 1 | 0 |
_aMONTAJE DE ORIGINALES GRAFICOS PARA SU REPRODUCCION : _bUN MANUAL PRACTICO |
| 250 | _a2a ed. | ||
| 260 |
_aESPAÑA : _bGUSTAVO GILI, _c1983 |
||
| 300 | _a163 | ||
| 650 | 1 | 4 |
_aDISEO GRAFICO _xENSAMBLAJE (ARTE) |
| 700 | 1 |
_aJERRY DEMONEY, SUSAN E. MEYER _etr. |
|
| 700 | 1 |
_aMEYER, SUSAN E. _ecoaut. |
|
| 999 |
_c7296 _d7296 |
||